|
|
|
|
| LEADER |
00000nam a2200000 4500 |
| 001 |
vtls011985055 |
| 003 |
SK-MaSNL |
| 005 |
20260301053659.0 |
| 008 |
251112s1653 gw 0 0n0 lat |
| 015 |
|
|
|a SNBHFA1653
|
| 040 |
|
|
|a SNKHF
|b slo
|c SNKHF
|e rda
|
| 041 |
0 |
|
|a lat
|
| 044 |
|
|
|a gw
|c DE
|
| 072 |
|
7 |
|a 80
|x Filológia
|2 konspekt
|
| 080 |
|
|
|a 80
|2 2011
|
| 100 |
1 |
|
|a Glaß, Salomon,
|d 1593-1656
|4 aut
|9 342919
|
| 245 |
1 |
0 |
|a Philologiae Sacrae, Qva Totius Sacrosanctae, Veteris Et Novi Testamenti, Scripturae, Tum Stylus Et Literatura, tum sensus & genuinae interpretationis ratio expenditur; Libri Qvinqve; quorm I. II: Generalia de Scripturae, Sacrae stylo sensu; III. IV. Grammatica Sacra; V. Rhetorica Sacra, Comprehensa
|c Avtore Salomone Glassio Ecclesiarum Et Scholarum in Ducatu Saxo-Gotano Superintendente
|
| 250 |
|
|
|a Editio tertia, prioribus auctior
|
| 264 |
|
3 |
|a Francofvrti Et Hambvrgi
|b Sumtibus Zachariae Hertelij, Binliopolae Hamburgensis
|c Anno M.DC.LIII. (1653)
|
| 300 |
|
|
|a 44 nečíslovaných strán, 1495 strán, 138 nečíslovaných strán
|c 21,5 cm
|
| 336 |
|
|
|a text
|b txt
|2 rdacontent
|
| 337 |
|
|
|a bez média
|b n
|2 rdamedia
|
| 338 |
|
|
|a zväzok
|b nc
|2 rdacarrier
|
| 500 |
|
|
|a Rok tlače na titulnom liste uvedený rímskymi číslami
|
| 500 |
|
|
|a Červeno-čierna tlač titulnej strany, iniciála na 6 a 7 riadkov, linky, živé záhalvie, zložky, kustody
|
| 504 |
|
|
|a Predslov, register
|
| 546 |
|
|
|a Latinčina
|b Antikva
|b Kurzíva
|
| 546 |
|
|
|a latinčina, vybraný text v bloku v hebrejčine
|
| 561 |
|
|
|a Z knižnice Učenej spoločnosti malohontskej.
|5 SNK IC 146001
|
| 561 |
|
|
|a Na prednom prídoští rukopisný exlibris: ... Johannes Marci ... Wittenberg ... Anno 1668. 19. Dec.
|5 SNK IC 146001
|
| 561 |
|
|
|a Na titulnej strane rukopisný exlibris: Samuel Kollar.
|5 SNK IC 146001
|
| 563 |
|
|
|a Väzba: pergamenová.
|5 SNK IC 146001
|
| 650 |
0 |
7 |
|a filológia
|2 SNKPH
|9 861
|
| 700 |
1 |
|
|a Härtel, Zacharias,
|c starší,
|d zomrel 1678
|4 prt
|9 172628
|
| 710 |
2 |
|
|a Učená spoločnosť malohontská
|4 fmo
|9 205374
|
| 710 |
1 |
|
|a Härtel, Zacharias starší (Hamburg, Nemecko),
|d 1634-1677
|4 prt
|9 180587
|
| 752 |
|
|
|a Nemecko
|d Hamburg
|
| 852 |
|
|
|a snk
|b Historické fondy
|p IC 146001
|
| 958 |
|
|
|a DC
|
| 999 |
|
|
|c 608963
|d 610893
|
| 952 |
|
|
|t MHC II.A.a.2
|a SNK
|b SNK
|c SNK_HF
|y PREZ
|7 0
|p 17A1396207
|o snkIC 146001
|i snk2020/13627
|8 5
|0 0
|1 0
|4 0
|d 2020-08-03
|l 0
|r 2026-02-23 16:18:05
|w 2026-02-23
|